Statistics for History by Picture - I

Click here to take the quiz!

General Stats

  • This quiz has been taken 10,243 times
    (10,223 since last reset)
  • The average score is 13 of 18

Answer Stats

Answer % Correct
Inca
96%
{Industrial} Revolution
92%
Ivory
90%
Istanbul
88%
Isabella
87%
Ice Age
82%
The Iliad
78%
Icarus
73%
IBM
73%
French {Indochina}
71%
Isis
70%
{Indira} Gandhi
69%
Iron Curtain
69%
Inflation
66%
Chichen {Itza}
66%
Indigo
65%
Icon
53%
Ireland
51%

Score Distribution

Percentile by Number Answered

Percent of People with Each Score

Your Score History

You have not taken this quiz since the last reset